[Event "Dortmund Sparkassen op-B"]
[Site "Dortmund"]
[Date "2014.07.13"]
[Round "2"]
[White "Gassmann, Marius"]
[Black "Lust, Nikolaus"]
[Result "0-1"]
[WhiteElo "1646"]
[BlackElo "1546"]
[PlyCount "164"]
[EventDate "2014.07.12"]
[EventType "swiss"]
[EventRounds "9"]
[EventCountry "GER"]
[SourceTitle "EXT 2022"]
[Source "ChessBase"]
[SourceDate "2021.10.06"]
[SourceVersion "1"]
[SourceVersionDate "2021.10.06"]
[SourceQuality "1"]

1. e4 c5 2. Nf3 d6 3. d4 cxd4 4. Nxd4 Nc6 5. Bc4 Nf6 6. Nc3 e5 7. Nf3 Be7 8. h3 a6 9. Bb3 b5 10. a3 Bb7 11. Bg5 0-0 12. 0-0 Na5 13. Bxf6 Nxb3 14. Bxe7 Qxe7 15. cxb3 Rac8 16. Qd2 h6 17. Rfd1 Rfd8 18. Rac1 Qe6 19. Nd5 Kh7 20. Rxc8 Bxc8 21. Ne3 f6 22. Nf5 d5 23. Ng3 Bb7 24. exd5 Bxd5 25. Qd3+ g6 26. Nf1 Rd7 27. Qc3 Re7 28. b4 f5 29. Qc5 Bxf3 30. gxf3 f4 31. Qd6 Qf7 32. Re1 Re6 33. Qd5 Qf6 34. Kh2 Re7 35. Nd2 Qf5 36. Ne4 g5 37. Rg1 Kg6 38. Qg8+ Kh5 39. Qh8 Rh7 40. Nf6+ Kh4 41. Rg4+ Qxg4 42. hxg4 Rxh8 43. Ne4 Rd8 44. Nc3 h5 45. gxh5 Kxh5 46. Kh3 Rg8 47. Ne4 Rh8 48. Nc5 Kg6+ 49. Kg2 Ra8 50. Kh3 Kf5 51. b3 a5 52. bxa5 Rxa5 53. Nb7 Rxa3 54. Nd6+ Ke6 55. Ne4 Kf5 56. Nd6+ Kg6 57. Nxb5 Rxb3 58. Nd6 Rxf3+ 59. Kg2 g4 60. Nc4 Kf5 61. Nd6+ Ke6 62. Ne4 Ra3 63. Kg1 f3 64. Kh2 Kf5 65. Nc5 e4 66. Kg3 e3 67. fxe3 Rxe3 68. Na4 Re2 69. Nc3 Rg2+ 70. Kh4 Rc2 71. Nd5 Rh2+ 72. Kg3 Rh3+ 73. Kf2 Ke5 74. Ne3 Kf4 75. Nd5+ Kg5 76. Ne3 Kh5 77. Nf5 Rh2+ 78. Kf1 f2 79. Ng3+ Kh4 80. Nf5+ Kh3 81. Ne3 g3 82. Ke2 Rh1 0-1

[Event "Dortmund Sparkassen op-B"]
[Site "Dortmund"]
[Date "2014.07.12"]
[Round "1"]
[White "Biermann, Florian2"]
[Black "Gassmann, Marius"]
[Result "0-1"]
[WhiteElo "1725"]
[BlackElo "1646"]
[PlyCount "96"]
[EventDate "2014.07.12"]
[EventType "swiss"]
[EventRounds "9"]
[EventCountry "GER"]
[SourceTitle "EXT 2022"]
[Source "ChessBase"]
[SourceDate "2021.10.06"]
[SourceVersion "1"]
[SourceVersionDate "2021.10.06"]
[SourceQuality "1"]

1. c4 e5 2. g3 Nf6 3. Bg2 Bc5 4. Nc3 0-0 5. e3 Nc6 6. Nge2 Re8 7. 0-0 d6 8. a3 a5 9. Nd5 Nxd5 10. cxd5 Ne7 11. d4 exd4 12. Nxd4 Nf5 13. h3 Nxd4 14. exd4 Bb6 15. g4 Qf6 16. Be3 h6 17. Re1 Bd7 18. Rc1 Bb5 19. a4 Ba6 20. Qd2 Re7 21. Red1 Qg6 22. Kh2 Rae8 23. b3 f5 24. Qc2 Rf7 25. Re1 Ref8 26. Rcd1 Qf6 27. f4 fxg4 28. hxg4 Qh4+ 29. Bh3 Rxf4 30. Bxf4 Rxf4 31. Kg2 Bxd4 32. Rxd4 Rxd4 33. Re4 Rxe4 34. Qxe4 Bf1+ 35. Kxf1 Qxh3+ 36. Kf2 Qh2+ 37. Kf1 Qe5 38. Qc4 Qf6+ 39. Kg2 Qf7 40. Qb5 b6 41. Kg3 g5 42. Qc4 Qf4+ 43. Qxf4 gxf4+ 44. Kxf4 Kg7 45. g5 hxg5+ 46. Kxg5 Kf7 47. Kf5 Ke7 48. Ke4 Kd7 0-1